Datum a čas kvízu
25
Celkem bodů
Celkový počet nahraných bodů na tomto kvízu bez doplňovacích otázek.
5.
Pořadí na kvízu
Konečné umístění týmu na tomto kvízu.
Zaznamenané odpovědi
| # | Otázka | Odpověď | Body | Výsledky |
|---|---|---|---|---|
| 1. | Minulý týden roztálo sněhové p... | Mapa republiky | 0 | |
| 2. | Spojené státy americké v úterý... | Světová zdravotnická organizace (WHO) | 1 | |
| 3. | V pondělí zemřel hudební sklad... | 91 let | 0 | |
| 4. | Automobilka Tesla nedávno popr... | šortky | 0 | |
| 5. | Čtyřnásobný šampión Tour de Fr... | Chris Froome | 0 | |
| 6. | Různé návykové látky jsou užív... | pelyněk (pravý) | 1 | |
| 7. | Tabákové listy obsahují návyko... | viržinský | 1 | |
| 8. | Konopí se odpradávna používá j... | kanabinoidy | 0 | |
| 9. | Opium se získává z nezralých m... | latex | 0 | |
| 10. | Kokain byl poprvé izolován v r... | Medellín | 1 |